[Event "Gibraltar Masters"]
[Site "Caleta ENG"]
[Date "2014.02.04"]
[Round "8.6"]
[White "Harikrishna, Penteala"]
[Black "Hansen, Eric"]
[Result "1/2-1/2"]
[WhiteElo "2706"]
[BlackElo "2559"]
[PlyCount "120"]
[GameId "2130307675069553"]
[EventDate "2014.01.28"]
[EventType "swiss"]
[EventRounds "10"]
[EventCountry "ENG"]
[SourceTitle "10 Days #389"]
[Source "Chess Mix"]

1. e4 e5 2. Nf3 Nc6 3. Bb5 Nf6 4. d3 Bc5 5. Bxc6 dxc6 6. h3 O-O 7. Be3 Bd6 8. Nc3 Re8 9. O-O Nd7 10. Ne2 Nf8 11. Ng3 Ne6 12. Nh2 c5 13. Ng4 Nf4 14. Qf3 Qg5 15. Rfe1 b6 16. Rad1 Bb7 17. c3 f6 18. Bc1 Rad8 19. Ne3 g6 20. Nc4 Qh4 21. d4 Ba6 22. dxe5 fxe5 23. Nxd6 cxd6 24. b3 Rf8 25. Bxf4 Qxf4 26. Qe3 Qxe3 27. Rxe3 Kf7 28. f3 Ke6 29. c4 b5 30. Rc3 Rb8 31. Nf1 bxc4 32. bxc4 Rb2 33. Ra3 Bxc4 34. Ne3 Be2 35. Re1 a6 36. Rb3 Rxb3 37. axb3 Bb5 38. Ra1 Rb8 39. Kf2 Bd3 40. Ra3 Rb4 41. Nd5 Rd4 42. Ra2 Bb5 43. Rc2 Rd3 44. b4 c4 45. Nb6 c3 46. Ke1 Re3+ 47. Kf2 Rd3 48. Ke1 Rd2 49. Rxc3 Re2+ 50. Kd1 Rxg2 51. Nd5 Kd7 52. Nb6+ Ke8 53. Rc8+ Kf7 54. Rc7+ Kf8 55. Rxh7 Be2+ 56. Ke1 Bxf3 57. Nd7+ Kg8 58. Nf6+ Kf8 59. Rd7 Re2+ 60. Kf1 Rd2 1/2-1/2

[Event "Gibraltar Masters"]
[Site "Caleta ENG"]
[Date "2014.02.05"]
[Round "9.7"]
[White "Hansen, Eric"]
[Black "Li, Chao B"]
[Result "1/2-1/2"]
[WhiteElo "2559"]
[BlackElo "2680"]
[PlyCount "167"]
[GameId "2130307675073773"]
[EventDate "2014.01.28"]
[EventType "swiss"]
[EventRounds "10"]
[EventCountry "ENG"]
[SourceTitle "10 Days #389"]
[Source "Chess Mix"]

1. e4 c5 2. Nf3 Nc6 3. Bb5 g6 4. Bxc6 bxc6 5. O-O Bg7 6. Re1 Nh6 7. c3 O-O 8. d4 cxd4 9. cxd4 d5 10. e5 f6 11. h3 fxe5 12. Nxe5 Nf5 13. b3 c5 14. dxc5 d4 15. Qd3 Qd5 16. Qc4 Qxc4 17. Nxc4 d3 18. Bb2 Bxb2 19. Nxb2 Nd4 20. Na3 Ne2+ 21. Kh2 Ba6 22. Nac4 Bxc4 23. bxc4 Nd4 24. Rad1 Rxf2 25. Nxd3 Rxa2 26. Rxe7 Nf5 27. Rd7 Ne3 28. c6 Nxd1 29. c7 Re2 30. Nf4 Ree8 31. Nd5 Rf8 32. Ne7+ Kf7 33. c8=Q Rfxc8 34. Nxc8+ Ke8 35. Rxd1 Rxc8 36. Ra1 Rc7 37. Ra6 Kd8 38. c5 Kc8 39. c6 Kd8 40. Kg3 Ke7 41. Kf4 Kd6 42. Ke4 Kc5 43. Ke5 Rg7 44. h4 Kb5 45. Ra1 Kxc6 46. Rc1+ Kb7 47. Kf6 Rc7 48. Rb1+ Ka8 49. Ra1 Rc6+ 50. Kg7 h5 51. Kh6 Kb7 52. Rb1+ Kc7 53. Ra1 a6 54. Kg5 Kb6 55. Rb1+ Kc5 56. Ra1 Kb6 57. Rb1+ Kc7 58. Ra1 Kb7 59. Rb1+ Rb6 60. Ra1 Rd6 61. g3 Rb6 62. Ra2 Rc6 63. Ra1 Ka7 64. Kh6 Kb6 65. Rb1+ Kc5 66. Ra1 Kb4 67. Rb1+ Ka3 68. Ra1+ Kb2 69. Ra5 Rb6 70. Kh7 Kc3 71. Ra1 Kd3 72. Kh6 Ke3 73. Kg5 Rb5+ 74. Kxg6 a5 75. Ra3+ Kf2 76. Kf6 Kg2 77. Kg6 Kh3 78. Kf6 Kg4 79. Ke6 Rb6+ 80. Ke5 Rb4 81. Rxa5 Kxg3 82. Kf5 Kxh4 83. Kg6 Rb6+ 84. Kf5 1/2-1/2

[Event "Gibraltar Masters"]
[Site "Caleta ENG"]
[Date "2014.02.06"]
[Round "10.10"]
[White "Edouard, Romain"]
[Black "Hansen, Eric"]
[Result "1/2-1/2"]
[WhiteElo "2658"]
[BlackElo "2559"]
[PlyCount "122"]
[GameId "2130307675082086"]
[EventDate "2014.01.28"]
[EventType "swiss"]
[EventRounds "10"]
[EventCountry "ENG"]
[SourceTitle "10 Days #389"]
[Source "Chess Mix"]

1. d4 Nf6 2. c4 g6 3. Nc3 d5 4. Bg5 Ne4 5. Bf4 Nxc3 6. bxc3 dxc4 7. e3 Bg7 8. Nf3 c5 9. Bxc4 Nc6 10. O-O O-O 11. Rc1 b6 12. Bb5 Bb7 13. d5 Na5 14. e4 e6 15. dxe6 fxe6 16. Bd6 Rf7 17. Re1 a6 18. Bf1 Rd7 19. e5 Bd5 20. c4 Bc6 21. g3 Bxe5 22. Nxe5 Rxd6 23. Qc2 Qf6 24. Bh3 Rad8 25. Re2 Bb7 26. Rce1 Kg7 27. Qb2 Ba8 28. f4 h5 29. Qb1 Nc6 30. Rb2 Rd2 31. Rxd2 Rxd2 32. Qxb6 Qd8 33. Qxc5 Qd4+ 34. Qxd4 Nxd4 35. Re3 Rxa2 36. Rd3 Ra1+ 37. Kf2 Ra2+ 38. Kg1 Ra1+ 39. Bf1 Nf5 40. Rd7+ Kf8 41. Rd8+ Ke7 42. Rxa8 Ne3 43. Kf2 Nxf1 44. c5 Nxh2 45. Ra7+ Ke8 46. c6 Rc1 47. Ra8+ Ke7 48. Nxg6+ Kf6 49. Ne5 Ng4+ 50. Nxg4+ hxg4 51. Rxa6 Rc3 52. Ra5 Rxc6 53. Rg5 Rc2+ 54. Ke1 Rg2 55. Rxg4 e5 56. Kf1 Ra2 57. fxe5+ Kxe5 58. Rf4 Rb2 59. Rf2 Rxf2+ 60. Kxf2 Kf5 61. g4+ Kxg4 1/2-1/2

[Event "Casino de Barcelona"]
[Site "Barcelona ESP"]
[Date "2013.??.??"]
[Round "2.4"]
[White "Lopez Martinez, Josep Manuel"]
[Black "Hansen, Eric"]
[Result "1-0"]
[WhiteElo "2555"]
[BlackElo "2567"]
[PlyCount "69"]
[GameId "2129404786711611"]
[EventDate "2013.10.25"]
[EventType "tourn"]
[EventRounds "7"]
[EventCountry "ESP"]
[EventCategory "14"]
[WhiteClock "0:00:12"]
[BlackClock "0:00:06"]

1. e4 e5 2. Nf3 Nc6 3. Bb5 a6 4. Ba4 Nf6 5. O-O Be7 6. Re1 b5 7. Bb3 O-O 8. a4 b4 9. d3 Bc5 10. h3 d6 11. c3 bxc3 12. bxc3 Rb8 13. Ba2 Ne7 14. d4 exd4 15. cxd4 Bb4 16. Bd2 a5 17. Nc3 Bb7 18. Qc2 Ng6 19. Nb5 c6 20. Nc3 Ba6 21. Rad1 Nd7 22. e5 dxe5 23. dxe5 Nc5 24. Bg5 Qc8 25. Re3 Re8 26. h4 Nf8 27. Nd4 Qc7 28. Nf5 Nce6 29. Nxg7 Nxg7 30. Nd5 Qa7 31. Nf6+ Kh8 32. Nxe8 Rxe8 33. Bf6 Kg8 34. Rg3 Ng6 35. h5 1-0

[Event "Casino de Barcelona"]
[Site "Barcelona ESP"]
[Date "2013.??.??"]
[Round "5.2"]
[White "Edouard, Romain"]
[Black "Hansen, Eric"]
[Result "1-0"]
[WhiteElo "2657"]
[BlackElo "2567"]
[PlyCount "61"]
[GameId "2129404786711617"]
[EventDate "2013.10.25"]
[EventType "tourn"]
[EventRounds "7"]
[EventCountry "ESP"]
[EventCategory "14"]
[WhiteClock "0:00:02"]
[BlackClock "0:00:10"]

1. d4 Nf6 2. c4 e6 3. Nc3 d5 4. Nf3 c5 5. e3 Nc6 6. a3 Ne4 7. Bd3 Nxc3 8. bxc3 dxc4 9. Bxc4 Be7 10. O-O O-O 11. Bb2 b6 12. Qe2 Bb7 13. e4 Na5 14. Bd3 Rc8 15. Rad1 cxd4 16. cxd4 Bd6 17. d5 exd5 18. e5 Bc5 19. h4 Rc6 20. Ng5 h6 21. Qh5 d4 22. Bc3 Be7 23. Bb4 Rc5 24. Bxc5 bxc5 25. e6 Bxg5 26. hxg5 Qd5 27. exf7+ Rxf7 28. f3 Qxg5 29. Qxg5 hxg5 30. Rfe1 c4 31. Bg6 1-0

[Event "Casino de Barcelona"]
[Site "Barcelona ESP"]
[Date "2013.??.??"]
[Round "6.3"]
[White "Hansen, Eric"]
[Black "Narciso Dublan, Marc"]
[Result "1-0"]
[WhiteElo "2567"]
[BlackElo "2521"]
[PlyCount "77"]
[GameId "2129404786711622"]
[EventDate "2013.10.25"]
[EventType "tourn"]
[EventRounds "7"]
[EventCountry "ESP"]
[EventCategory "14"]
[WhiteClock "0:00:14"]

1. e4 e6 2. d4 d5 3. Nc3 Bb4 4. e5 c5 5. a3 Bxc3+ 6. bxc3 Ne7 7. h4 Qa5 8. Bd2 Nbc6 9. h5 cxd4 10. cxd4 Qa4 11. Nf3 Nxd4 12. Bd3 h6 13. Rb1 Nec6 14. Bb4 Nf5 15. Qc1 Nxb4 16. Rxb4 Qa5 17. O-O Qc7 18. Re1 a5 19. Rf4 Bd7 20. g4 Ne7 21. Nd4 a4 22. Rf3 Qa5 23. Kf1 Qc5 24. Qb2 Rc8 25. Rf4 b6 26. Re3 Rf8 27. Nb5 Bxb5 28. Bxb5+ Kd8 29. Bxa4 b5 30. Bxb5 Qxc2 31. Qb4 Qc5 32. Qa4 Nc6 33. Re2 Qb6 34. Rc2 Nxe5 35. Rxc8+ Kxc8 36. Ba6+ Kd8 37. Rb4 Qd6 38. Rb7 Qc6 39. Qa5+ 1-0

[Event "Casino de Barcelona"]
[Site "Barcelona ESP"]
[Date "2013.??.??"]
[Round "7.3"]
[White "Balogh, Csaba"]
[Black "Hansen, Eric"]
[Result "1/2-1/2"]
[WhiteElo "2632"]
[BlackElo "2567"]
[PlyCount "80"]
[GameId "2129404786711626"]
[EventDate "2013.10.25"]
[EventType "tourn"]
[EventRounds "7"]
[EventCountry "ESP"]
[EventCategory "14"]
[WhiteClock "0:00:55"]
[BlackClock "0:00:58"]

1. e4 e5 2. Nf3 Nc6 3. Bb5 Nf6 4. O-O Nxe4 5. Re1 Nd6 6. Nxe5 Be7 7. Bf1 Nxe5 8. Rxe5 O-O 9. Nc3 Ne8 10. Nd5 Bd6 11. Re1 c6 12. Ne3 Bc7 13. Nf5 d5 14. Ne7+ Kh8 15. Nxc8 Rxc8 16. d3 Nf6 17. Bd2 Qd7 18. g3 Rce8 19. Qf3 Ng4 20. Rxe8 Rxe8 21. Re1 Rxe1 22. Bxe1 Qe6 23. Qe2 Qxe2 24. Bxe2 f5 25. h3 Nf6 26. Bc3 Kg8 27. Bxf6 gxf6 28. d4 Kf7 29. f4 Bb6 30. c3 c5 31. dxc5 Bxc5+ 32. Kg2 Be3 33. Kf3 Bc1 34. b3 Ke6 35. c4 dxc4 36. Bxc4+ Kd6 37. Bg8 h6 38. Bh7 Ke6 39. Bg8+ Kd6 40. Bh7 Ke6 1/2-1/2

[Event "Bundesliga 2013-14"]
[Site "GER"]
[Date "2014.02.22"]
[Round "9.3"]
[White "Hansen, Eric"]
[Black "Bulski, Krzysztof"]
[Result "1/2-1/2"]
[WhiteElo "2567"]
[BlackElo "2534"]
[PlyCount "90"]
[GameId "2130307678341879"]
[EventDate "2013.10.12"]
[EventType "team"]
[EventRounds "15"]
[EventCountry "GER"]
[SourceTitle "10 Days #391"]
[Source "Chess Mix"]
[WhiteTeam "SV Wattenscheid 1930"]
[BlackTeam "SV Griesheim"]

1. e4 c5 2. Nf3 d6 3. Bb5+ Nc6 4. O-O Bd7 5. Re1 Nf6 6. c3 a6 7. Bf1 Bg4 8. h3 Bxf3 9. Qxf3 g6 10. d3 Bg7 11. Qd1 Nd7 12. Be3 O-O 13. Nd2 Rc8 14. g3 b5 15. a3 Nb6 16. Nf3 Qd7 17. Qe2 Qb7 18. h4 Ne5 19. Nxe5 Bxe5 20. h5 Bg7 21. Bg2 Qc7 22. Rad1 Rfe8 23. Bh3 e6 24. f4 Rcd8 25. Qf2 f5 26. hxg6 hxg6 27. Bg2 Nd7 28. g4 Nf6 29. gxf5 exf5 30. Qg3 Qf7 31. Bc1 c4 32. exf5 gxf5 33. Qh3 Rxe1+ 34. Rxe1 Re8 35. Bd2 Rxe1+ 36. Bxe1 Qe6 37. Kf1 Kf8 38. Bd2 d5 39. Be3 cxd3 40. Bc5+ Kf7 41. Qxd3 Ne4 42. Be3 Qc6 43. Qd1 Ke6 44. Bh3 Bf8 45. Qd4 Qc4+ 1/2-1/2

[Event "Bundesliga 2013-14"]
[Site "GER"]
[Date "2014.02.23"]
[Round "10.3"]
[White "Beikert, Guenther"]
[Black "Hansen, Eric"]
[Result "0-1"]
[WhiteElo "2422"]
[BlackElo "2567"]
[PlyCount "54"]
[GameId "2130307678341939"]
[EventDate "2013.10.12"]
[EventType "team"]
[EventRounds "15"]
[EventCountry "GER"]
[SourceTitle "10 Days #391"]
[Source "Chess Mix"]
[WhiteTeam "SC Viernheim"]
[BlackTeam "SV Wattenscheid 1930"]

1. e4 c5 2. Nf3 e6 3. c3 Nf6 4. e5 Nd5 5. g3 Nc6 6. Bg2 d6 7. exd6 Bxd6 8. d4 O-O 9. O-O h6 10. dxc5 Bxc5 11. Qe2 Re8 12. Rd1 Bd7 13. b4 Be7 14. Bb2 Bf6 15. Nfd2 Qc7 16. Ne4 Be7 17. Nbd2 Nb6 18. Rac1 Red8 19. a3 Ne5 20. Nc5 Bxc5 21. c4 Nd3 22. Qxd3 Ba4 23. Qe2 Bxd1 24. Rxd1 Bd4 25. Bxd4 Rxd4 26. c5 Rad8 27. cxb6 axb6 0-1

[Event "Oslo int. op"]
[Site "Oslo NOR"]
[Date "2013.09.29"]
[Round "1"]
[White "Hansen, Eric"]
[Black "Schoellmann, Jochen"]
[Result "1/2-1/2"]
[WhiteElo "2584"]
[BlackElo "2268"]
[PlyCount "70"]
[GameId "2130307679094166"]
[EventDate "2013.09.29"]
[EventType "swiss"]
[EventRounds "9"]
[EventCountry "NOR"]
[SourceTitle "The Week in Chess 986"]
[Source "Mark Crowther"]
[SourceDate "2013.09.30"]
[SourceVersion "1"]
[SourceVersionDate "2013.09.30"]
[SourceQuality "2"]

1. e4 e5 2. Nf3 Nc6 3. Bb5 Nf6 4. d3 Bd6 5. c3 a6 6. Ba4 O-O 7. O-O b5 8. Bc2 Re8 9. Re1 Bf8 10. d4 d6 11. Nbd2 Bg4 12. h3 Bh5 13. d5 Nb8 14. Nf1 Bg6 15. Ng3 c6 16. dxc6 Nxc6 17. Nh4 d5 18. Nxg6 hxg6 19. exd5 Qxd5 20. Qe2 Qd7 21. Bg5 Qc7 22. Qf3 Nh7 23. Be3 Nd4 24. cxd4 Qxc2 25. Re2 Qc7 26. Rc1 Qa5 27. dxe5 Qxa2 28. Ne4 Rad8 29. Bf4 Qd5 30. Bg3 Bb4 31. Rec2 Nf8 32. Rc7 Re7 33. Rc8 Red7 34. R8c6 a5 35. Rb6 Qd4 1/2-1/2

[Event "Oslo int. op"]
[Site "Oslo NOR"]
[Date "2013.09.30"]
[Round "2"]
[White "Andersen, Alf Roger"]
[Black "Hansen, Eric"]
[Result "0-1"]
[WhiteElo "2207"]
[BlackElo "2584"]
[PlyCount "98"]
[GameId "2130307679094180"]
[EventDate "2013.09.29"]
[EventType "swiss"]
[EventRounds "9"]
[EventCountry "NOR"]
[SourceTitle "The Week in Chess 986"]
[Source "Mark Crowther"]
[SourceDate "2013.09.30"]
[SourceVersion "1"]
[SourceVersionDate "2013.09.30"]
[SourceQuality "2"]

1. e4 c5 2. f4 d5 3. exd5 Nf6 4. b3 Nxd5 5. Bb2 Nc6 6. Bb5 Nxf4 7. Qf3 Ne6 8. Ne2 Bd7 9. O-O f6 10. Na3 a6 11. Bd3 g6 12. Rae1 Bg7 13. Bc4 Qc7 14. Bxe6 Bxe6 15. Nf4 Bf7 16. Nd5 Bxd5 17. Qxd5 e5 18. Nc4 Rd8 19. Qxc5 Qe7 20. Qb6 Rd7 21. Ba3 Qd8 22. d3 Qxb6+ 23. Nxb6 Rd8 24. Nc4 Rd7 25. Nb6 Rd4 26. Nc4 b5 27. Nd6+ Kd7 28. Ne4 Ke6 29. Nc5+ Kf7 30. Bb2 Rdd8 31. Nxa6 Ra8 32. Nc7 Rxa2 33. Bxe5 Nxe5 34. Rxe5 Rxc2 35. Nxb5 Rd8 36. d4 f5 37. Rc5 Bxd4+ 38. Nxd4 Rxc5 39. Nf3 Kf6 40. Rb1 Rdc8 41. Kf2 Rc2+ 42. Kg3 g5 43. h4 g4 44. Nd4 R8c3+ 45. Kh2 Rd2 46. Nb5 Rh3+ 47. Kg1 Rg3 48. Nd4 Rc3 49. Nb5 Rg3 0-1

[Event "Oslo int. op"]
[Site "Oslo NOR"]
[Date "2013.09.29"]
[Round "3"]
[White "Hansen, Eric"]
[Black "Devereaux, Maxim"]
[Result "1-0"]
[WhiteElo "2584"]
[BlackElo "2369"]
[PlyCount "87"]
[GameId "2130307679098299"]
[EventDate "2013.09.29"]
[EventType "swiss"]
[EventRounds "9"]
[EventCountry "NOR"]
[SourceTitle "The Week in Chess 987"]
[Source "Mark Crowther"]
[SourceDate "2013.10.07"]
[SourceVersion "1"]
[SourceVersionDate "2013.10.07"]
[SourceQuality "2"]

1. e4 c5 2. Nf3 Nc6 3. Bb5 Nf6 4. Bxc6 dxc6 5. d3 h6 6. O-O g5 7. b3 Bg7 8. Bb2 Bg4 9. Nbd2 Nh5 10. Bxg7 Nxg7 11. Qb1 Bxf3 12. Nxf3 Ne6 13. b4 Nd4 14. bxc5 Nxf3+ 15. gxf3 Qc7 16. Qb2 Rg8 17. Rab1 Rb8 18. e5 Qc8 19. Rfe1 Qf5 20. Re4 e6 21. Qa3 Kf8 22. Kg2 g4 23. f4 Kg7 24. Qc1 b5 25. Rd4 Rb7 26. Qe3 Rc7 27. Rd6 a5 28. Qe4 Kg6 29. Kg3 h5 30. Kh4 b4 31. f3 Rh8 32. Rg1 Rh6 33. Rd8 f6 34. Rd6 Qxe4 35. fxe4 Kf7 36. d4 fxe5 37. dxe5 Rh8 38. Rgd1 Re7 39. Rd8 Rh7 40. R1d6 a4 41. Rxc6 Rb7 42. Rb6 Rc7 43. c6 Ke7 44. Ra8 1-0

[Event "Oslo int. op"]
[Site "Oslo NOR"]
[Date "2013.09.29"]
[Round "5"]
[White "Hansen, Eric"]
[Black "Lampert, Jonas"]
[Result "1-0"]
[WhiteElo "2584"]
[BlackElo "2376"]
[PlyCount "57"]
[GameId "2130307679098335"]
[EventDate "2013.09.29"]
[EventType "swiss"]
[EventRounds "9"]
[EventCountry "NOR"]
[SourceTitle "The Week in Chess 987"]
[Source "Mark Crowther"]
[SourceDate "2013.10.07"]
[SourceVersion "1"]
[SourceVersionDate "2013.10.07"]
[SourceQuality "2"]

1. e4 e5 2. Nf3 Nf6 3. Nxe5 d6 4. Nf3 Nxe4 5. Nc3 Nxc3 6. dxc3 Be7 7. Be3 Nc6 8. Qd2 Be6 9. O-O-O O-O 10. h4 Bxa2 11. Ng5 f6 12. b3 fxg5 13. hxg5 Ne5 14. Kb2 Bxb3 15. cxb3 c6 16. f4 Ng4 17. Bd3 g6 18. Rh4 Nxe3 19. Qxe3 Qe8 20. Rxh7 Kxh7 21. Qh3+ Kg8 22. Rh1 Rf5 23. Bxf5 gxf5 24. Qh7+ Kf8 25. Qxf5+ Kg7 26. Rh6 Rd8 27. Qh7+ Kf8 28. Rg6 Bxg5 29. Rg8# 1-0

[Event "Oslo int. op"]
[Site "Oslo NOR"]
[Date "2013.09.29"]
[Round "7"]
[White "Hansen, Eric"]
[Black "Lie, Espen"]
[Result "1/2-1/2"]
[WhiteElo "2584"]
[BlackElo "2455"]
[PlyCount "83"]
[GameId "2130307679098372"]
[EventDate "2013.09.29"]
[EventType "swiss"]
[EventRounds "9"]
[EventCountry "NOR"]
[SourceTitle "The Week in Chess 987"]
[Source "Mark Crowther"]
[SourceDate "2013.10.07"]
[SourceVersion "1"]
[SourceVersionDate "2013.10.07"]
[SourceQuality "2"]

1. e4 e5 2. Nf3 Nc6 3. Bb5 a6 4. Ba4 Nf6 5. O-O Be7 6. Re1 b5 7. Bb3 d6 8. c3 O-O 9. h3 Na5 10. Bc2 d5 11. exd5 e4 12. Bxe4 Nxe4 13. Rxe4 Bb7 14. d3 Bxd5 15. Re1 Bd6 16. Be3 Qf6 17. Nbd2 Rfe8 18. a4 Qg6 19. axb5 axb5 20. Ne4 Bf8 21. b4 Nb7 22. Rxa8 Rxa8 23. Nh4 Qc6 24. Bd4 Bxe4 25. Rxe4 Nd6 26. Re5 g6 27. Rc5 Qd7 28. Qg4 f5 29. Qf3 Ra1+ 30. Kh2 Nf7 31. Qb7 Bd6+ 32. g3 Bxc5 33. bxc5 Nd8 34. Qb8 Qd5 35. Ng2 Ra8 36. Qxb5 Ne6 37. Be3 Rd8 38. d4 g5 39. Qe2 h6 40. Bd2 Qe4 41. Qc4 Kf7 42. Qb3 1/2-1/2

[Event "Oslo int. op"]
[Site "Oslo NOR"]
[Date "2013.09.29"]
[Round "8"]
[White "Turov, Maxim"]
[Black "Hansen, Eric"]
[Result "1-0"]
[WhiteElo "2586"]
[BlackElo "2584"]
[PlyCount "71"]
[GameId "2130307679102499"]
[EventDate "2013.09.29"]
[EventType "swiss"]
[EventRounds "9"]
[EventCountry "NOR"]
[SourceTitle "The Week in Chess 987"]
[Source "Mark Crowther"]
[SourceDate "2013.10.07"]
[SourceVersion "1"]
[SourceVersionDate "2013.10.07"]
[SourceQuality "2"]

1. c4 Nf6 2. Nc3 d5 3. cxd5 Nxd5 4. Nf3 g6 5. Qa4+ Nc6 6. Ne5 Qd6 7. Nxc6 Qxc6 8. Qxc6+ bxc6 9. b3 Nxc3 10. Bb2 Bg7 11. Bxc3 Bxc3 12. dxc3 Be6 13. e4 O-O-O 14. Ba6+ Kb8 15. Ke2 Rd6 16. Ke3 c5 17. Be2 f6 18. f4 Rhd8 19. Rad1 Rxd1 20. Bxd1 c4 21. Bc2 c5 22. f5 gxf5 23. exf5 Bd5 24. Rd1 Rd6 25. g4 Kc7 26. b4 Kb6 27. h4 h6 28. Be4 Bxe4 29. Rxd6+ exd6 30. Kxe4 d5+ 31. Kxd5 cxb4 32. Kxc4 bxc3 33. Kxc3 Kc5 34. Kb3 Kd5 35. Kb4 Ke5 36. Kc5 1-0

[Event "Oslo int. op"]
[Site "Oslo NOR"]
[Date "2013.09.29"]
[Round "9"]
[White "Hansen, Eric"]
[Black "Nijs, Nils"]
[Result "1-0"]
[WhiteElo "2584"]
[BlackElo "2298"]
[PlyCount "53"]
[GameId "2130307679102508"]
[EventDate "2013.09.29"]
[EventType "swiss"]
[EventRounds "9"]
[EventCountry "NOR"]
[SourceTitle "The Week in Chess 987"]
[Source "Mark Crowther"]
[SourceDate "2013.10.07"]
[SourceVersion "1"]
[SourceVersionDate "2013.10.07"]
[SourceQuality "2"]

1. e4 g6 2. d4 Bg7 3. Nc3 d6 4. f4 a6 5. Nf3 b5 6. Bd3 Nd7 7. e5 c5 8. Be4 Rb8 9. Be3 Nh6 10. dxc5 dxc5 11. Qd2 Bb7 12. Bxb7 Rxb7 13. O-O-O Qc8 14. h3 O-O 15. Ne4 Qc6 16. Qd5 Rc8 17. g4 c4 18. Qxc6 Rxc6 19. Ng3 Nf8 20. g5 Nf5 21. Nxf5 gxf5 22. Nd4 Rcc7 23. Nxf5 f6 24. gxf6 exf6 25. exf6 Bxf6 26. Rhg1+ Ng6 27. Nd6 1-0

[Event "FIDE World Cup"]
[Site "Tromso NOR"]
[Date "2013.08.11"]
[Round "1.31"]
[White "Malakhov, Vladimir"]
[Black "Hansen, Eric"]
[Result "1-0"]
[WhiteElo "2707"]
[BlackElo "2584"]
[PlyCount "79"]
[GameId "2130307680735887"]
[EventDate "2013.08.11"]
[EventType "k.o."]
[EventRounds "7"]
[EventCountry "NOR"]
[SourceTitle "The Week in Chess 979"]
[Source "Mark Crowther"]
[SourceDate "2013.08.12"]
[SourceVersion "1"]
[SourceVersionDate "2013.08.12"]
[SourceQuality "2"]

1. Nf3 Nf6 2. g3 g6 3. b3 Bg7 4. Bb2 O-O 5. c4 c6 6. Bg2 d5 7. O-O Bg4 8. h3 Bxf3 9. Bxf3 Nbd7 10. d4 Ne4 11. Nc3 Ndf6 12. Qd3 Nxc3 13. Bxc3 Qd7 14. Bg2 Ne4 15. Bxe4 dxe4 16. Qxe4 Qxh3 17. Qxe7 Rae8 18. Qxb7 Re3 19. Qxc6 Rxc3 20. e3 Bh6 21. Qh1 Qxh1+ 22. Kxh1 Rc2 23. Kg1 Rd8 24. c5 Kf8 25. b4 Ke7 26. b5 Ke6 27. a4 Kd5 28. a5 a6 29. b6 Kc6 30. Rfb1 Kb7 31. Rc1 Rxc1+ 32. Rxc1 Kc6 33. Rb1 Rb8 34. Kf1 f5 35. Ke2 Bg7 36. Kd3 Rd8 37. Kc4 h5 38. Rd1 Rd5 39. f3 g5 40. e4 1-0

[Event "FIDE World Cup"]
[Site "Tromso NOR"]
[Date "2013.08.12"]
[Round "2.31"]
[White "Hansen, Eric"]
[Black "Malakhov, Vladimir"]
[Result "1/2-1/2"]
[WhiteElo "2584"]
[BlackElo "2707"]
[PlyCount "87"]
[GameId "2130307680740111"]
[EventDate "2013.08.11"]
[EventType "k.o."]
[EventRounds "7"]
[EventCountry "NOR"]
[SourceTitle "The Week in Chess 979"]
[Source "Mark Crowther"]
[SourceDate "2013.08.12"]
[SourceVersion "1"]
[SourceVersionDate "2013.08.12"]
[SourceQuality "2"]

1. e4 e5 2. Nf3 Nc6 3. Bb5 Nf6 4. d3 Bc5 5. c3 O-O 6. O-O Re8 7. Re1 Bf8 8. d4 exd4 9. e5 Nd5 10. Qb3 Nb6 11. cxd4 d5 12. Bg5 Qd7 13. Rc1 a6 14. Bxc6 bxc6 15. Nbd2 a5 16. Qc2 Bb7 17. a4 Nc4 18. Nf1 Qe6 19. b3 Nb6 20. Ng3 Nd7 21. Be3 c5 22. Qc3 c6 23. dxc5 Nxe5 24. Nxe5 Qxe5 25. Bd4 Qg5 26. Re1 h5 27. h3 h4 28. Nf1 Rxe1 29. Rxe1 Bc8 30. Nh2 Bd7 31. Nf3 Qh6 32. Ne5 Be8 33. Ng4 Qf4 34. Re5 f5 35. Be3 d4 36. Qc4+ Bf7 37. Qxf7+ Kxf7 38. Bxf4 fxg4 39. hxg4 g6 40. Kf1 Ra7 41. Bd2 Rb7 42. Bxa5 Rxb3 43. Bb6 d3 44. Re1 1/2-1/2

[Event "Server24 op"]
[Site "Ortisei ITA"]
[Date "2013.06.02"]
[Round "2.4"]
[White "Boscolo, Federico"]
[Black "Hansen, Eric"]
[Result "0-1"]
[WhiteElo "2314"]
[BlackElo "2577"]
[PlyCount "108"]
[GameId "2130307683814193"]
[EventDate "2013.06.01"]
[EventType "swiss"]
[EventRounds "9"]
[EventCountry "ITA"]
[SourceTitle "The Week in Chess 969"]
[Source "Mark Crowther"]
[SourceDate "2013.06.03"]
[SourceVersion "2"]
[SourceVersionDate "2013.06.04"]
[SourceQuality "2"]

1. e4 c5 2. Nf3 e6 3. c3 Nf6 4. e5 Nd5 5. d4 cxd4 6. cxd4 Nc6 7. Bc4 d6 8. O-O Be7 9. Qe2 O-O 10. Rd1 Bd7 11. Bd2 Qe8 12. Bxd5 exd5 13. Nc3 Be6 14. Nb5 Qd8 15. exd6 Bxd6 16. Bg5 Qb8 17. Nxd6 Qxd6 18. h3 f6 19. Bh4 Rfe8 20. Bg3 Qd7 21. Qd2 Bf7 22. Re1 Re4 23. Qc3 Bh5 24. Nd2 Rxd4 25. Nb3 Rc4 26. Qd2 b6 27. Rac1 Rd8 28. Rc3 a5 29. Qc1 Bf7 30. Nd2 Rxc3 31. bxc3 d4 32. cxd4 Bxa2 33. Nc4 Qxd4 34. Ne3 Qc5 35. Qb2 Bf7 36. Bc7 Rc8 37. Qxb6 Qxb6 38. Bxb6 Rb8 39. Bc7 Rb7 40. Bd6 Be6 41. f4 a4 42. f5 Bb3 43. Rc1 Na7 44. Ba3 h5 45. g4 Nb5 46. Ra1 hxg4 47. hxg4 Nxa3 48. Rxa3 Kf8 49. Kf2 Ke7 50. Ra1 Kd6 51. Nd1 Bxd1 52. Rxd1+ Kc5 53. Rc1+ Kd4 54. Kg3 a3 0-1

[Event "Server24 op"]
[Site "Ortisei ITA"]
[Date "2013.06.03"]
[Round "3.4"]
[White "Hansen, Eric"]
[Black "Sundararajan, Kidambi"]
[Result "1/2-1/2"]
[WhiteElo "2577"]
[BlackElo "2428"]
[PlyCount "127"]
[GameId "2130307683814213"]
[EventDate "2013.06.01"]
[EventType "swiss"]
[EventRounds "9"]
[EventCountry "ITA"]
[SourceTitle "The Week in Chess 969"]
[Source "Mark Crowther"]
[SourceDate "2013.06.03"]
[SourceVersion "2"]
[SourceVersionDate "2013.06.04"]
[SourceQuality "2"]

1. e4 e5 2. Nf3 Nc6 3. Bb5 a6 4. Ba4 Nf6 5. O-O Be7 6. Re1 b5 7. Bb3 d6 8. c3 O-O 9. h3 Nb8 10. d4 Nbd7 11. Nbd2 Bb7 12. Bc2 Re8 13. Nf1 Bf8 14. Ng3 g6 15. a4 Bg7 16. Bd3 c6 17. Be3 Qe7 18. Qd2 Qf8 19. b4 Rac8 20. dxe5 dxe5 21. c4 bxc4 22. Bxc4 c5 23. b5 Nb6 24. Qc2 Nxc4 25. Qxc4 Re6 26. Red1 Bh6 27. Ng5 Bxg5 28. Bxg5 Qe8 29. Rd2 Kg7 30. Rad1 axb5 31. axb5 h6 32. Be3 Rb6 33. Rd6 Rxd6 34. Rxd6 Qe7 35. Rd2 Ne8 36. f3 Nc7 37. Ne2 Ne6 38. Nc3 Nd4 39. Ra2 Qd8 40. Kh2 Qb6 41. Rb2 Qe6 42. Qxe6 Nxe6 43. Na4 c4 44. Bd2 Nd4 45. Bc3 g5 46. Nb6 Rc5 47. Nd7 Rxb5 48. Nxe5 Rxb2 49. Bxb2 Nb5 50. Nxc4+ Kg8 51. Kg3 Bc8 52. Ne3 Kh7 53. Kf2 Be6 54. Kg3 Nd6 55. Bf6 Kg6 56. Be7 Nc4 57. Nc2 f5 58. Nd4 Bd7 59. exf5+ Bxf5 60. Kf2 Bd7 61. g4 h5 62. Bd8 Ne5 63. Kg3 Nc6 64. Nxc6 1/2-1/2